Giáo trình giải tích hàm

Trình bày những vấn đề cơ bản của không gian Banach, 3 nguyên lí cơ bản của giải tích hàm, tôpô yếu và tính phản xạ, toán tử trong không gian Banach, không gian Hilbert và toán tử trong không gian Hilbert, không gian đối ngẫu của một số không gian quan trọng...

पूर्ण विवरण

में बचाया:
ग्रंथसूची विवरण
मुख्य लेखक: Nguyễn Văn Khuê
अन्य लेखक: Lê Mậu Hải
स्वरूप: पुस्तक
भाषा:Vietnamese
प्रकाशित: H. Đại học Sư phạm 2012
संस्करण:Tái bản lần thứ 1, có sửa chữa
विषय:
टैग : टैग जोड़ें
कोई टैग नहीं, इस रिकॉर्ड को टैग करने वाले पहले व्यक्ति बनें!
Thư viện lưu trữ: Mạng thư viện Đại học Đà Nẵng
LEADER 01578aam a22003738a 4500
001 000018614
003 15048
005 20131205091210.0
008 131129s2012 viesd
020 |c 35000đ  |d 1000b 
041 0 |a vie 
082 1 4 |2 14  |a 515  |b NG-K 
100 1 |a Nguyễn Văn Khuê 
245 1 0 |a Giáo trình giải tích hàm  |c Nguyễn Văn Khuê, Lê Mậu Hải 
250 |a Tái bản lần thứ 1, có sửa chữa 
260 |a H.  |b Đại học Sư phạm  |c 2012 
300 |a 156 tr.  |b minh hoạ  |c 24 cm. 
504 |a Thư mục: tr. 156 
520 |a Trình bày những vấn đề cơ bản của không gian Banach, 3 nguyên lí cơ bản của giải tích hàm, tôpô yếu và tính phản xạ, toán tử trong không gian Banach, không gian Hilbert và toán tử trong không gian Hilbert, không gian đối ngẫu của một số không gian quan trọng 
650 0 4 |2 Bộ TK TVQG  |a Giải tích hàm  |v Giáo trình 
650 0 4 |a Toán học  |v Giáo trình  |x Giải tích 
653 |a Giải tích hàm 
655 7 |2 Bộ TK TVQG  |a Giáo trình 
700 1 |a Lê Mậu Hải 
OWN |a LSP 
AVA |a UDN50  |b LSP  |d 515 NG-K  |e available  |t Error 5001 Not defined in file expand_doc_bib_avail.  |f 10  |g 0  |h N  |i 0  |k 1 
999 |a From the UDN01 
AVA |a UDN50  |b LSP  |d 515 NG-K  |e available  |t Error 5001 Not defined in file expand_doc_bib_avail.  |f 10  |g 0  |h N  |i 0  |k 1 
TYP |a Monograph 
TYP |a Printed language 
980 |a Mạng thư viện Đại học Đà Nẵng